| 000 | 00754nam a2200241 a 4500 | ||
|---|---|---|---|
| 001 | 63999 | ||
| 003 | BD-RjUL | ||
| 005 | 20211209081248.0 | ||
| 008 | 060217s1983 ii cf 001 0 eng | ||
| 035 | _a(BD-RjUL)64129 | ||
| 040 |
_aDLC _cDLC _dBD-RjUL _beng |
||
| 041 | _aeng | ||
| 082 | 0 | 0 |
_a954.042 _223 _bNEJ 1983 |
| 100 | 1 |
_aNehru, Jawaharlal, _d1889-1964. _9172603 |
|
| 245 | 1 | 0 |
_aJawaharlal Nehru, an anthology / _cJawaharlal Nehru and edited by Sarvepalli Gopal. |
| 260 |
_aDelhi : _bOxford University Press, _c1983. |
||
| 300 |
_axxi, 662 p. : _bill. ; _c23 cm. |
||
| 500 | _aIncludes index. | ||
| 650 |
_aJawaharial nehru 1889-1964 _zIndia. _9190589 |
||
| 700 | 1 |
_aGopal, Sarvepalli. _9190042 |
|
| 942 |
_2ddc _cBK |
||
| 999 |
_c63999 _d63999 |
||